Normal view MARC view
  • Airport buildings.

Entry Topical Term

Number of records used in: 1

001 - CONTROL NUMBER

  • control field: 20836

003 - CONTROL NUMBER IDENTIFIER

  • control field: NUST

005 - DATE AND TIME OF LATEST TRANSACTION

  • control field: 20190917161405.0

008 - FIXED-LENGTH DATA ELEMENTS

  • fixed length control field: 190917|| aca||aabn | a|a d

040 ## - CATALOGING SOURCE

  • Original cataloging agency: NUST
  • Transcribing agency: NUST

150 ## - HEADING--TOPICAL TERM

  • Topical term or geographic name entry element: Airport buildings.

670 ## - SOURCE DATA FOUND

  • Source citation: Work cat.: (NUST)0: United States. Federal Aviation Agency. Airports Division. 20835, Airport terminal buildings., 1960.
© 2023 Central Library, National University of Sciences and Technology. All Rights Reserved.